Statistics for Pure Ghost Type Pokémon

Click here to take the quiz!

General Stats

  • This quiz has been taken 60 times
    (17 since last reset)
  • The average score is 16 of 19

Answer Stats

RegionNumberAnswer% Correct
0354Banette
100%
0354Mega Banette
100%
Hoenn0353Shuppet
100%
Johto0200Misdreavus
93%
Sinnoh0429Mismagius
93%
0356Dusclops
86%
0355Duskull
86%
Paldea0971Greavard
86%
0972Houndstone
86%
0477Dusknoir
79%
0855Polteageist
79%
Galar0854Sinistea
79%
0897Spectrier
79%
Unova0562Yamask
79%
0563Cofagrigus
71%
0222Corsola (Galarian Form)
71%
0864Cursola
71%
0999Gimmighoul (Chest)
71%
0999Gimmighoul (Roaming)
71%

Score Distribution

Percentile by Number Answered

Percent of People with Each Score

Your Score History

You have not taken this quiz since the last reset